A difficult case for Sir Thomas More

Sábháilte in:
Sonraí bibleagrafaíochta
Formáid: LEABHAR
Teanga:Béarla
Foilsithe / Cruthaithe: Dublin Fallon and Co 0000
Sraith:Story Books, 5
Ábhair:
Clibeanna: Cuir clib leis
Níl clibeanna ann, Bí ar an gcéad duine le clib a chur leis an taifead seo!

MARC

LEADER 00000cam a2200000 a 4500
001 UCG2685
003 CL-VaPUC
008 100715e00000000ie |||||||||||||||||eng|d
082 0 4 |a 922.2  |b DIF  |2 21 
245 1 2 |a A difficult case for Sir Thomas More 
300 |a 30 p 
942 |c BK 
945 |d 20100715 00:00:00  |a mfarfan 
260 |a Dublin  |b Fallon and Co  |c 0000 
600 0 |a Moro, Tomás,  |d 1478-1535  |q More, Thomas  |9 455757 
650 0 |a Biografías  |9 255210 
583 |a last modification  |c 20140813 02:01:19  |k Rodrigo Vera 
490 0 |a Story Books, 5 
999 |c 341815  |d 341813 
952 |0 0  |1 0  |4 0  |6 922_200000000000000_DIF_0000  |7 0  |8 X  |9 437578  |a FDOBUD  |b FDOBUD  |d 2019-11-22  |i 4685946  |o 922.2 DIF 0000  |p 4685946  |r 2019-11-22  |w 2019-11-22  |y BK_X  |k BUD